Alberico gentili giurista e intellettuale globale

Gardado en:
Detalles Bibliográficos
Formato: Libro
Idioma:Lingua italiana
Publicado: Milán Dott. A. Giuffre 1988
Subjects:
Tags: Engadir etiqueta
Sen Etiquetas, Sexa o primeiro en etiquetar este rexistro!

MARC

LEADER 00000nam a2200000 a 4500
001 UCX8964
003 CL-VaPUC
008 940509e19880000IT |||||||||||||||||ita|d
082 0 4 |a 340.109  |b ALB  |2 21 
245 1 0 |a Alberico gentili giurista e intellettuale globale 
300 |a 123 p 
942 |c BK 
945 |d 19940509 00:00:00  |a aalvarez 
260 |a Milán  |b Dott. A. Giuffre  |c 1988 
600 0 7 |a GENTILI, ALBERICO  |2 CL-VaPUC  |9 326221 
583 |a last modification  |c 19940509 00:00:00  |k Rodrigo Vera 
999 |c 228327  |d 228325 
952 |0 0  |1 0  |4 0  |6 340_109000000000000_ALB_1988  |7 0  |8 DER_HIS  |9 228279  |a BIBDER  |b BIBDER  |d 2019-11-15  |i 2973405  |l 1  |o 340.109 ALB 1988  |p 2973405  |r 2023-01-25  |s 2020-03-17  |w 2019-11-15  |x Ubicación 4to Piso  |y BK  |z Estos recursos deben solicitarse con anticipación  |k DER